Statistiques concernant Culture Générale - Série 1146

Cliquez ici pour prendre le quiz!

Statistiques générales

  • Ce quiz a été pris 67 fois
  • Le résultat moyen est 5 sur 10

Statistiques - réponses

QuestionRéponse% Correct
En quelle année a eu lieu le fameux appel du 18-Juin, lancé par le général de Gaulle au micro de la B.B.C. ?1940
94%
Dans quel D.R.O.M. (Département et Région français d'outre-mer) se situe le centre spatial de Kourou ?Guyane
94%
Quel est le prénom de l'actrice américaine Thurman, connue pour ses rôles dans Pulp Fiction et Kill Bill ?Uma
75%
Dans quel département se trouve la grotte de Lascaux ?Dordogne
66%
Dans quel département se trouve le viaduc de Milau ?Aveyron
59%
Qui est l'auteur du roman “Thérèse Desqueyroux” ?François Mauriac
36%
Dans quel pays Robert Mugabe a-t-il été le Président de la République de 1987 à 2017 ?Zimbabwe
30%
Sous la forme de quel animal le dieu Apis était-il adoré, dans l'ancienne Égypte ?taureau
27%
Dans quel département se trouve le château d'Anet, commandité par Henri II pour Diane de Poitiers ?Eure et Loir
23%
Dans le dessin animé "Princesse Sarah", comment s'appelle la méchante pensionnaire qui persécute la pauvre Sarah ?Lavinia
8%

Distribution des résultats

Percentile par nombre de réponses

% des personnes avec chaque résultat

Votre développement - résultats

Vous n’avez pas pris ce quiz